[Event "RUS-chT2"]
[Site "Sochi"]
[Date "2024.05.07"]
[Round "6.12"]
[White "Moskvinov, Prokhor"]
[Black "Rudenko, Dmitry Al"]
[Result "1/2-1/2"]
[WhiteElo "1954"]
[BlackElo "1841"]
[PlyCount "168"]
[EventDate "2024.05.01"]
[EventType "team-swiss"]
[EventRounds "9"]
[EventCountry "RUS"]
[SourceTitle "CB21_2024"]
[SourceDate "2024.05.22"]
[SourceVersion "1"]
[SourceVersionDate "2024.05.22"]
[SourceQuality "1"]
[WhiteTeam "Sverdlovsk Region Sima lend"]
[BlackTeam "Moscow Russian ChSchool"]
[WhiteTeamCountry "RUS"]
[BlackTeamCountry "RUS"]

1. d4 Nf6 2. c4 e6 3. Nc3 Bb4 4. Qc2 c5 5. dxc5 0-0 6. a3 Bxc5 7. Nf3 Be7 8. Bf4 Nh5 9. Bxb8 Rxb8 10. g4 Nf6 11. g5 Nh5 12. h4 g6 13. e3 b6 14. Be2 Bb7 15. Rh3 a6 16. Ne5 Bd6 17. f4 Bxe5 18. fxe5 Ng7 19. 0-0-0 Qc7 20. Ne4 Bxe4 21. Qxe4 b5 22. h5 bxc4 23. Rdh1 Qb6 24. Qc2 c3 25. b4 a5 26. Bd3 Nf5 27. hxg6 fxg6 28. Bxf5 Rxf5 29. Rxh7 Qxe3+ 30. Kb1 Rbf8 31. Rxd7 Qxe5 32. Rdd1 axb4 33. axb4 Rb8 34. Rh4 Rxg5 35. Rdh1 Rf8 36. Rh8+ Qxh8 37. Rxh8+ Kxh8 38. Qxc3+ Kg8 39. Qe3 Rff5 40. Qxe6+ Kg7 41. Kb2 Rf7 42. Qe3 Rgf5 43. Qd4+ Kh7 44. Qh4+ Rh5 45. Qe4 Rhf5 46. Qh4+ Kg7 47. Qd4+ R7f6 48. Kb3 g5 49. Ka4 Kh6 50. Qe3 Rf3 51. Qe4 R3f4 52. Qe3 g4 53. Ka5 Kh5 54. b5 R4f5 55. Qg3 Rg5 56. Qh2+ Kg6 57. Qc2+ Kg7 58. Qc7+ Rf7 59. Qc3+ Kh7 60. Qc2+ Kh6 61. Qc6+ Rg6 62. Qh1+ Kg7 63. Qa1+ Kg8 64. Qb1 Rff6 65. Qb3+ Kg7 66. Qg3 Rg5 67. Qc7+ Kg6 68. Qc2+ Rff5 69. Qc6+ Kh7 70. Qd7+ Kg8 71. Qd8+ Kg7 72. Qe7+ Kg6 73. Qd6+ Rf6 74. Qd3+ Rgf5 75. Ka4 Kg5 76. Qe3+ Kh4 77. b6 Rf4+ 78. Ka5 R6f5+ 79. Ka6 g3 80. b7 Ra4+ 81. Kb6 Rb4+ 82. Kc6 Rfb5 83. Qh6+ Kg4 84. Qe6+ Kh4 1/2-1/2

[Event "RUS-chT2"]
[Site "Sochi"]
[Date "2024.05.03"]
[Round "3.8"]
[White "Nurdinov, Iliya"]
[Black "Moskvinov, Prokhor"]
[Result "1/2-1/2"]
[WhiteElo "2080"]
[BlackElo "1954"]
[PlyCount "63"]
[EventDate "2024.05.01"]
[EventType "team-swiss"]
[EventRounds "9"]
[EventCountry "RUS"]
[SourceTitle "CB21_2024"]
[SourceDate "2024.05.22"]
[SourceVersion "1"]
[SourceVersionDate "2024.05.22"]
[SourceQuality "1"]
[WhiteTeam "Muromtsev Akademiya"]
[BlackTeam "Sverdlovsk Region Sima lend"]
[WhiteTeamCountry "RUS"]
[BlackTeamCountry "RUS"]

1. e4 e5 2. Nf3 Nc6 3. Bb5 a6 4. Ba4 Nge7 5. Nc3 g6 6. d4 exd4 7. Nxd4 Bg7 8. Nxc6 Nxc6 9. 0-0 0-0 10. Nd5 b5 11. Bb3 Na5 12. Re1 Bb7 13. c3 Re8 14. Bf4 d6 15. Qd2 c6 16. Nb4 Nxb3 17. axb3 a5 18. Nc2 c5 19. Qxd6 Qxd6 20. Bxd6 Bxe4 21. Ne3 Rec8 22. f3 Bb7 23. Red1 h5 24. Nd5 Bxd5 25. Rxd5 Rd8 26. Rad1 b4 27. Bxc5 Rxd5 28. Rxd5 bxc3 29. bxc3 Bxc3 30. Bb6 a4 31. bxa4 Rxa4 32. Rd1 1/2-1/2

[Event "Wch U12 blitz"]
[Site "Batumi"]
[Date "2023.06.11"]
[Round "10"]
[White "Moskvinov, Prokhor"]
[Black "Temirbekov, Taimaz"]
[Result "1-0"]
[WhiteElo "2057"]
[BlackElo "1924"]
[PlyCount "99"]
[EventDate "2023.06.10"]
[EventType "swiss (blitz)"]
[EventRounds "11"]
[EventCountry "GEO"]
[SourceTitle "EXT 2024"]
[Source "ChessBase"]
[SourceDate "2023.10.10"]
[SourceVersion "1"]
[SourceVersionDate "2023.10.10"]
[SourceQuality "1"]
[WhiteTeam "Russia"]
[BlackTeam "Russia"]
[WhiteTeamCountry "RUS"]
[BlackTeamCountry "RUS"]

1. Nf3 d5 2. d4 Nf6 3. c4 e6 4. Nc3 c6 5. e3 Nbd7 6. Qc2 Bd6 7. e4 dxe4 8. Nxe4 Nxe4 9. Qxe4 Nf6 10. Qc2 c5 11. dxc5 Bxc5 12. Bd3 h6 13. 0-0 0-0 14. Rd1 Qc7 15. Bd2 a5 16. Bc3 Qe7 17. Ne5 b6 18. Qe2 Bb7 19. Rd2 Bb4 20. Bxb4 axb4 21. Qe3 Qc5 22. Qxc5 bxc5 23. a4 bxa3 24. bxa3 Rfd8 25. f3 Nd7 26. Nxd7 Rxd7 27. Bh7+ Kxh7 28. Rxd7 Ba6 29. Rc7 Bxc4 30. Rxc5 Bd5 31. a4 h5 32. a5 Ra6 33. Rb5 h4 34. Rb6 Ra8 35. Kf2 h3 36. g3 Rc8 37. a6 Rc2+ 38. Ke3 Rc3+ 39. Kd4 Rxf3 40. Rb2 f6 41. a7 Ba8 42. Raa2 e5+ 43. Kc4 e4 44. Rb8 Bc6 45. Ra6 e3 46. Rxc6 e2 47. Re6 Ra3 48. a8Q Rxa8 49. Rxa8 Kg6 50. Rxe2 1-0

[Event "Wch U12 blitz"]
[Site "Batumi"]
[Date "2023.06.10"]
[Round "5"]
[White "Dolgopolov, Egor"]
[Black "Moskvinov, Prokhor"]
[Result "0-1"]
[WhiteElo "1627"]
[BlackElo "2057"]
[PlyCount "75"]
[EventDate "2023.06.10"]
[EventType "swiss (blitz)"]
[EventRounds "11"]
[EventCountry "GEO"]
[SourceTitle "EXT 2024"]
[Source "ChessBase"]
[SourceDate "2023.10.10"]
[SourceVersion "1"]
[SourceVersionDate "2023.10.10"]
[SourceQuality "1"]
[WhiteTeam "Russia"]
[BlackTeam "Russia"]
[WhiteTeamCountry "RUS"]
[BlackTeamCountry "RUS"]

1. Nf3 d5 2. d4 Nf6 3. c4 e6 4. g3 c5 5. Bg2 cxd4 6. Nxd4 e5 7. Nf3 d4 8. 0-0 Nc6 9. Bg5 Be7 10. Bxf6 Bxf6 11. Nbd2 0-0 12. Ne1 Be6 13. Nd3 Qc7 14. Rc1 a5 15. Qa4 Be7 16. Ne4 Rad8 17. Rfd1 Nb8 18. Qb5 Nd7 19. Nd2 b6 20. Bd5 Bf5 21. Qc6 Qb8 22. Be4 Be6 23. Qb7 Qxb7 24. Bxb7 f5 25. Bc6 Bd6 26. Nf3 e4 27. Nxd4 Kf7 28. Nxe6 Kxe6 29. Nf4+ Bxf4 30. gxf4 Nc5 31. Bd5+ Kf6 32. a3 a4 33. Rc2 h6 34. h4 g5 35. fxg5+ hxg5 36. hxg5+ Kxg5 37. Rc3 f4 38. f3 0-1

[Event "Wch U12 rapid"]
[Site "Batumi"]
[Date "2023.06.08"]
[Round "11"]
[White "Moskvinov, Prokhor"]
[Black "Gvasalia, Gaga"]
[Result "1-0"]
[WhiteElo "2149"]
[BlackElo "1462"]
[PlyCount "87"]
[EventDate "2023.06.06"]
[EventType "swiss (rapid)"]
[EventRounds "11"]
[EventCountry "GEO"]
[SourceTitle "EXT 2024"]
[Source "ChessBase"]
[SourceDate "2023.10.10"]
[SourceVersion "1"]
[SourceVersionDate "2023.10.10"]
[SourceQuality "1"]
[WhiteTeam "FIDE"]
[BlackTeam "Georgia"]
[BlackTeamCountry "GEO"]

1. Nf3 d5 2. d4 Nf6 3. c4 e6 4. Nc3 Be7 5. Bf4 c6 6. e3 0-0 7. Bd3 Nbd7 8. c5 b6 9. b4 a5 10. b5 Bb7 11. bxc6 Bxc6 12. cxb6 Qxb6 13. 0-0 Nh5 14. Rb1 Qa7 15. Ne5 Nxe5 16. Bxh7+ Kxh7 17. Qxh5+ Kg8 18. Bxe5 Rac8 19. Qg4 g6 20. Qh3 f5 21. Qh8+ Kf7 22. Qg7+ Ke8 23. Bd6 Rf6 24. Be5 Rf8 25. Ne2 g5 26. h4 Qa6 27. Ng3 gxh4 28. Nh5 Bb5 29. Rfc1 Rc4 30. Rxc4 dxc4 31. a4 Bd7 32. Rb8+ Bc8 33. Qg6+ Kd7 34. Nf6+ Bxf6 35. Bxf6 Kc6 36. d5+ Kxd5 37. Qg7 Re8 38. Qc7 Ke4 39. Qe5+ Kd3 40. Qd4+ Ke2 41. Rb2+ Ke1 42. Qc3+ Kd1 43. Qc2+ Ke1 44. Bc3# 1-0

[Event "EU-ch U08"]
[Site "Bratislava"]
[Date "2019.08.08"]
[Round "7"]
[White "Lebedev, Artem S"]
[Black "Moskvinov, Prokhor"]
[Result "1-0"]
[WhiteElo "1503"]
[BlackElo "1357"]
[PlyCount "75"]
[EventDate "2019.08.02"]
[EventType "swiss"]
[EventRounds "9"]
[EventCountry "SVK"]
[SourceTitle "EXT 2020"]
[Source "ChessBase"]
[SourceDate "2019.10.17"]
[SourceVersion "1"]
[SourceVersionDate "2019.10.17"]
[SourceQuality "1"]

1. e4 e5 2. Nf3 Nc6 3. Bb5 Nf6 4. 0-0 Nxe4 5. d4 Nd6 6. Bxc6 dxc6 7. dxe5 Nf5 8. Qxd8+ Kxd8 9. Bg5+ Ke8 10. Rd1 Be6 11. g4 Ne7 12. h3 h6 13. Bxe7 Bxe7 14. Nc3 Rd8 15. Rxd8+ Kxd8 16. Rd1+ Kc8 17. Nd4 Bd7 18. Nf5 Bf8 19. Ne4 g6 20. Nf6 Be6 21. Nd4 Bg7 22. Nxe6 fxe6 23. f4 Bxf6 24. exf6 g5 25. fxg5 hxg5 26. Rf1 Kd7 27. h4 Ke8 28. hxg5 Kf7 29. Kg2 Rg8 30. Kg3 Rxg5 31. Kh4 Rg8 32. g5 Rd8 33. c3 Kg6 34. Kg4 Rd7 35. Rh1 Rd5 36. Rh6+ Kf7 37. Rh7+ Kf8 38. g6 1-0